La alfabetización digital y el desarrollo de competencias ciudadanas: modelo pedagógico y didáctico de formación ciudadana con uso de TIC's

Spremljeno u:
Bibliografski detalji
Glavni autori: Contreras Guzmán, David (Autor), Vásquez Lara, Nelson (Autor), Salinas Silva, Víctor Hugo (Autor)
Format: Knjiga
Jezik:španjolski
Izdano: Valparaíso Ediciones Universitarias de Valparaíso 2012
Teme:
Oznake: Dodaj oznaku
Bez oznaka, Budi prvi tko označuje ovaj zapis!

MARC

LEADER 00000cam a2200000 a 4500
001 UCF5463
003 CL-VaPUC
008 130307e20120000CL |||||||||||||||||spa|d
020 |a 9789561705364 
082 0 4 |a 302  |b CON  |2 21 
100 0 |a Contreras Guzmán, David  |e author  |9 567424 
700 0 |a Vásquez Lara, Nelson  |e author  |9 567425 
700 0 |a Salinas Silva, Víctor Hugo  |e author  |9 567426 
245 1 3 |a La alfabetización digital y el desarrollo de competencias ciudadanas: modelo pedagógico y didáctico de formación ciudadana con uso de TIC's 
300 |a 188 p 
942 |c BK 
945 |d 20130307 00:00:00  |a dcastane 
260 |a Valparaíso  |b Ediciones Universitarias de Valparaíso  |c 2012 
650 0 |a Psicología social   |9 222894 
650 0 |a Cambio social   |9 256857 
650 0 |a Comunicación digital   |9 260754 
650 0 |a Competencias  |9 341916 
650 0 |a Tecnología de la información   |9 254825 
650 0 |a TICs (Tecnologías de la Información y la Comunicación)  |9 562522 
583 |a last modification  |c 20130307 11:37:00  |k Rodrigo Vera 
999 |c 351003  |d 351001 
952 |0 0  |1 0  |4 0  |6 302_000000000000000_CON_2012  |7 0  |8 A  |9 454868  |a BIBING  |b BIBING  |d 2019-11-22  |i 4952847  |o 302 CON 2012  |p 4952847  |r 2025-01-20  |w 2019-11-22  |y BK  |k CUI